000
00295 a2200121 4500
001
147045
040
_c
Escola São Tomás de Aquino
100
_a
IACOCCA, Liliana
240
1
0
_a
O pernilongo apaixonado
_l
por
245
1
0
_a
O pernilongo apaixonado
697
_a
*LITERATURA INFANTIL
942
_c
BK
999
_c
147045
_d
147045